000 00792nam a2200253Ia 4500
003 OSt
005 20220930083735.0
006 a|||||r|||| 00| 0
007 ta
008 220926b |||||||| |||| 00| 0 hin d
024 _a78919
037 _cTheses
040 _aCRL
_cCRL
_bhin
041 _2hin
_ahin
100 _aSaxena Anang Jai
_9535805
110 _aUniversity of Delhi. Faculty of Arts. Department of Hindi
245 0 _aSwatantrayottar hindi upanyason mein isstri purush vivahetar sambandh
260 _c2003
650 _aHINDI LITERATURE
_923866
700 _a Dr Surender Nath Singh Gu.
_9535216
700 _aUniversity of Delhi. Faculty of Arts. Department of Hindi
942 _cDIS
_2CC
999 _c875981
_d875981